Central Library OPAC University of Rajshahi

অপরাজিত / (Record no. 55913)

MARC details
000 -LEADER
fixed length control field 00860nam a2200229 a 4500
001 - CONTROL NUMBER
control field 55913
003 - CONTROL NUMBER IDENTIFIER
rucl marc code BD-RjUL
005 - DATE AND TIME OF LATEST TRANSACTION
control field 20211209080330.0
008 - FIXED-LENGTH DATA ELEMENTS--GENERAL INFORMATION
fixed length control field 161123s1952 ii ||||| |||| 00| 0 ben d
035 ## - SYSTEM CONTROL NUMBER
System control number (BD-RjUL)56037
040 ## - CATALOGING SOURCE
Original cataloging agency BD-RjUL
Language of cataloging ben
Transcribing agency BD-RjUL
041 ## - LANGUAGE CODE
Language code of text/sound track or separate title ben
082 ## - DEWEY DECIMAL CLASSIFICATION NUMBER
Edition number 23
Classification number 812
Author mark and year FAA 1952
100 ## - MAIN ENTRY--PERSONAL NAME
Personal name ফাস্ট, হাওয়ার্ড
9 (RLIN) 166459
245 10 - TITLE STATEMENT
Title অপরাজিত /
Statement of responsibility, etc. হাওয়ার্ড ফাস্ট
260 ## - PUBLICATION, DISTRIBUTION, ETC. (IMPRINT)
Place of publication, distribution, etc. কলিকাতা :
Name of publisher, distributor, etc. মুকারম পাবলিশার্স,
Date of publication, distribution, etc. ১৯৪৯ [১৩৫৫]
300 ## - PHYSICAL DESCRIPTION
Pagination ২৭১ পৃ. ;
Size ১৭ সেমি.
650 ## - SUBJECT ADDED ENTRY--TOPICAL TERM
Topical term or geographic name as entry element আমেরিকান নাটক
9 (RLIN) 146633
Topical term or geographic name as entry element American Drama
9 (RLIN) 166460
700 ## - ADDED ENTRY--PERSONAL NAME
Personal name চন্দ্র, প্রফুল্ল, অনুবাদ
942 ## - ADDED ENTRY ELEMENTS (KOHA)
Source of classification or shelving scheme Dewey Decimal Classification
Koha item type Books
Holdings
Lost status Source of classification or shelving scheme Damaged status Not for loan Collection code Permanent Location Current Location Shelving location Date acquired Source of acquisition Cost, normal purchase price Total Checkouts Full call number Date last seen Date checked out Copy number Koha item type
  Dewey Decimal Classification     Non-fiction Central Library, University of Rajshahi Central Library, University of Rajshahi   09/10/1955 Mukaram Publications 5.10 2 B 812 FAA 1952 19/03/2019 05/03/2019 C-2 Books
  Dewey Decimal Classification   Not For Loan Non-fiction Central Library, University of Rajshahi Central Library, University of Rajshahi Reading Room 16/12/1966 N/A 7.50   B 812 FAA 1952 31/12/2016   C-1 Books